Корабль дураков (Запись № 11023141)

Подробности
000 -МАРКЕР
контрольное поле 01922nam0a2200361 i 4500
001 - ИДЕНТИФИКАТОР ЗАПИСИ
контрольное поле RU\NLR\BIBL_A\011311330
005 - ИДЕНТИФИКАТОР ВЕРСИИ
контрольное поле 20241213150636.0
010 ## - МЕЖДУНАРОДНЫЙ СТАНДАРТНЫЙ НОМЕР КНИГИ (ISBN)
Номер (ISBN) 9785989551521
Тираж 1700
021 ## - НОМЕР ГОСУДАРСТВЕННОЙ РЕГИСТРАЦИИ
Код страны российская федерация
Номер 2016-2686и
Номер Листа государственной регистраци 238и
035 ## - ДРУГИЕ СИСТЕМНЫЕ НОМЕРА
Идентификатор записи (NLR Aleph) 011311330
100 ## - ДАННЫЕ ОБЩЕЙ ОБРАБОТКИ
Данные общей обработки 20170118d2016 u y0rusy50 ca
101 0# - ЯЗЫК РЕСУРСА
Язык текста, звукозаписи и т.д. русский
-- английский
102 ## - СТРАНА ПУБЛИКАЦИИ ИЛИ ПРОИЗВОДСТВА
Страна публикации российская федерация
105 ## - ПОЛЕ КОДИРОВАННЫХ ДАННЫХ: ТЕКСТОВЫЕ МАТЕРИАЛЫ, МОНОГРАФИЧЕСКИЕ
Кодированные данные о монографическом текстовом документе ac z 000zd
200 1# - ЗАГЛАВИЕ И СВЕДЕНИЯ ОБ ОТВЕТСТВЕННОСТИ
Основное заглавие Корабль дураков
Параллельное заглавие Ship of fools
Сведения, относящиеся к заглавию cатирическая комедия в 13 главах
-- [альбом]
Первые сведения об ответственности Виталий Волович
Язык параллельного заглавия английский
210 ## - ПУБЛИКАЦИЯ, РАСПРОСТРАНЕНИЕ И ДР.
Место издания, распространения и т.д. Екатеринбург
Имя издателя, распространителя и т. д. Автограф
Дата издания, распространения и т.д. 2016
215 ## - ФИЗИЧЕСКАЯ ХАРАКТЕРИСТИКА
Специфическое обозначение материала и объем 552, [8] с.
Другие сведения о физической характеристике ил., цв. ил., портр.
Размеры 31
300 ## - ОБЩИЕ ПРИМЕЧАНИЯ
Текст примечания Авт. также на англ. яз.: Vitaly Volovich
300 ## - ОБЩИЕ ПРИМЕЧАНИЯ
Текст примечания В конце кн. авт.: Волович В. М., нар. худож. России, акад. Рос. акад. художеств
300 ## - ОБЩИЕ ПРИМЕЧАНИЯ
Текст примечания Часть текста парал. на рус. и англ. яз.
510 1# - ПАРАЛЛЕЛЬНОЕ ЗАГЛАВИЕ
Связь между полями z11790
Параллельное заглавие Ship of fools
Язык заглавия английский
604 ## - ИМЯ И ЗАГЛАВИЕ КАК ПРЕДМЕТ
Связываемые данные 700#1$aВолович$bВ. М.$gВиталий Михайлович$f1928
-- 500##$a"Корабль дураков"$jАльбомы$2nlr_sh2$3RU\NLR\AUTH\6601609197
Идентификатор авторитетной/нормативной записи RU\NLR\AUTH\6601609197
Имя лица Волович, Виталий Михайлович (1928)
Заглавие "Корабль дураков"
Формальный подзаголовок Альбомы
Системный номер авторитетной/нормативной записи 2311967
606 ## - НАИМЕНОВАНИЕ ТЕМЫ КАК ПРЕДМЕТ
Наименование темы Мировая литература
Формальный подзаголовок Альбомы
Тематический подзаголовок Иллюстрации
Системный номер авторитетной/нормативной записи 2547180
Идентификатор авторитетной/нормативной записи RU\NLR\AUTH\661507530
686 1# - ИНДЕКСЫ ДРУГИХ КЛАССИФИКАЦИЙ
Индекс Щ153(2Р=Рус)7-8Волович я61
686 1# - ИНДЕКСЫ ДРУГИХ КЛАССИФИКАЦИЙ
Индекс Ш5(0)-304.5
700 #1 - ИМЯ ЛИЦА - ПЕРВИЧНАЯ ОТВЕТСТВЕННОСТЬ
Графика поля Кириллица
Материалы, к которым относится поле rus
Начальный элемент ввода Волович
Часть имени, кроме начального элемента ввода В. М.
Дополнения к именам, кроме дат художник
Даты 1928-2018
Расширение инициалов личного имени Виталий Михайлович
Системный номер авторитетной/нормативной записи 179572
Идентификатор авторитетной/нормативной записи RU\NLR\AUTH\770179623
790 #1 - ИМЯ ЛИЦА - АЛЬТЕРНАТИВНАЯ ФОРМА
Связь между полями z11510
Начальный элемент ввода Volovic
Часть имени, кроме начального элемента ввода V. M.
Расширение инициалов личного имени Vitalij Michajlovic
942 ## - ДОПОЛНИТЕЛЬНЫЕ ЭЛЕМЕНТЫ ЗАПИСИ (АБИС)
Тип экземпляра АБИС Книга
980 ## - КОЛЛЕКЦИЯ
Название коллекции НБР

Нет доступных экземпляров.